Íránský arzenál letecká a námořní výzbroj

Bibliographic Details
Main Author: Visingr, Lukáš, 1983- (Author)
Format: Article
Language:Czech
PhysicalDescription:Fotogr.
ISSN:1802-4823
Subjects:

MARC

LEADER 00000nab a2200000 a 4500
001 vtls010968329
003 SK-MaSNL
005 20260304031317.0
008 151023 2015 xo m p 000 0 cze
015 |a SNBRB2015/10  |2 lmaosk 
040 |a LMAOSK  |b slo  |c LMAOSK  |e AACR2 
041 0 |a cze 
044 |a xo  |c SK 
080 |a 623(55)  |2 2001 
080 |a (046)  |2 2001 
080 |a 358.4  |2 2001 
080 |a 623.7  |2 2001 
080 |a 359  |2 2001 
100 1 |a Visingr, Lukáš,  |d 1983-  |4 aut  |9 372626 
245 1 0 |a Íránský arzenál  |b letecká a námořní výzbroj  |c Lukáš Visingr 
300 |b Fotogr. 
500 |a Dokončenie. 
650 0 7 |a vojenská technika  |2 SNKPH  |9 29297 
650 0 7 |a vojenské letectvo  |2 SNKPH  |9 69447 
650 0 7 |a vojenské námorníctvo  |2 SNKPH  |9 68560 
655 7 |a články  |2 SNKPH  |9 70601 
773 0 |t ATM  |g Roč. 47, č. 10 (2015), s. 48-51  |x 1802-4823 
852 |a LMAOSK  |b KIS3GCP 
958 |a NB 
999 |c 2637544  |d 2639474